MARC

LEADER 00000nam0a2200000 4500
001 251592
005 20231101232654.0
010 |a 5283000885 
020 |a RU  |b 89-28978 
035 |a (RuTPU)RU\TPU\book\273900 
090 |a 251592 
100 |a 20140224d1989 k a0rusy5003 ca 
101 0 |a rus 
102 |a RU 
105 |a a z 001zy 
200 1 |a Механизмы и специальная оснастка на монтаже АЭС  |f К. К. Полушкин, А. Г. Кузнецов, А. Г. Таксанц 
210 |a Москва  |c Энергоатомиздат  |d 1989 
215 |a 101 с.  |c ил. 
225 1 |a Библиотека тепломонтажника 
320 |a Библиогр.: с. 97-98 (35 назв.) 
606 1 |a Атомные электрические станции  |x Оборудование  |x Монтаж  |2 stltpush  |3 (RuTPU)RU\TPU\subj\29748  |9 53016 
610 1 |a механизмы 
610 1 |a оснастка 
610 1 |a классификация 
610 1 |a конструктивные особенности 
610 1 |a специальное оборудование 
610 1 |a ядерные реакторы 
610 1 |a механизмы 
610 1 |a устройства 
675 |a 621.311.25:621.039.002.72  |z rus 
700 1 |a Полушкин  |b К. К.  |g Константин Константинович 
701 1 |a Кузнецов  |b А. Г.  |g Анатолий Григорьевич 
701 1 |a Таксанц  |b А. З.  |g Ашот Газарович 
801 0 |a RU  |b RuMRKP  |c 19950417  |g psbo 
801 1 |a RU  |b 63413507  |c 20140224 
801 2 |a RU  |b 63413507  |c 20140319  |g RCR 
942 |c BK